000 00892nam a2200253 a 4500
001 BRCA_3590
005 20190320204339.0
008 070809s1956----mx-a---###---#000-0#spa-#
041 _aspa
044 _amx
050 4 _aNK4850
_b.L56 1956
100 1 _aLinati, Claudio
_d1790-1832
_91784
245 1 0 _aTrajes civiles, militares y religiosos de México (1828)
_cClaudio Linati ; introducción, estudio y traducción de Justino Fernández ; prólogo de Manuel Toussaint.
260 _aMéxico
_bUNAM, Intituto de Investigaciones Estéticas
_c1956
300 _a123 p.
_bil., 48 láminas (algunas a color)
_c29 cm.
500 _aB260
650 1 4 _aVestiduras eclesiásticas
_99322
650 1 4 _aUniformes militares
_99323
650 1 4 _aIndumentaria
_zMéxico
_9808
700 1 _aFernández, Justino
_etr
_9906
700 1 _aToussain, Manuel
_epról
_99324
902 _aGFM
942 _2lcc
_cB
999 _c3325
_d3325